UK Bank/Regional Holidays - Statistics

General Stats
  • This quiz has been taken 92 times
  • The average score is 7 of 12
Answer Stats
Date Answer % Correct
1st January New Year’s Day
100%
25th December Christmas Day
96%
26th December Boxing Day
90%
17th March (Northern Ireland only) St Patrick’s Day
70%
Variable - March/April Good Friday
66%
First Monday in May Early May Bank Holiday
63%
Variable - March/April (excluding Scotland) Easter Monday
51%
First Monday in August (Scotland)/Last Monday in August (elsewhere) Summer Bank Holiday
44%
30th November (Scotland only) St Andrew’s Day
43%
Last Monday in May (previously Monday after Pentecost) Spring Bank Holiday
35%
12th July (Northern Ireland only) Battle of the Boyne (Orangemen’s Day)
20%
Day after above (Scotland only) 2nd January/Day after New Year's Day
13%
No matching quizzes found
Score Distribution
Percent of People with Each Score
Percentile by Number Answered
Your Score History
You have not taken this quiz